Districts of Saint Helena - Statistics

General Stats
  • This quiz has been taken 24 times
  • The average score is 5 of 8
Answers on the Map
Answers color-coded by a green-red scale on the quiz's map according to % correct below.
 
Answer Stats
Answer % Correct
Jamestown
100%
Half Tree Hollow
60%
Longwood
60%
Alarm Forest
50%
Blue Hill
50%
Levelwood
50%
Saint Paul's
50%
Sandy Bay
50%
No matching quizzes found
Score Distribution
Percent of People with Each Score
Percentile by Number Answered
Your Score History
You have not taken this quiz